[Event "Olimpiada Calviá 2004"]
[Site "Calviá ESP"]
[Date "2004.10.26"]
[Round "11.64"]
[White "Ovalle, Ramon"]
[Black "Dukaczewski, Piotr"]
[Result "1-0"]
[WhiteElo "2184"]
[BlackElo "2366"]
[PlyCount "173"]
[EventDate "2004.10.15"]
[EventType "team"]
[EventRounds "14"]
[EventCountry "ESP"]
[Source "lmi"]
[SourceDate "2004.10.27"]

1. c4 g6 2. Nc3 Bg7 3. d4 d6 4. g3 f5 5. Bg2 Nf6 6. Nh3 O-O 7. d5 Nbd7 8. O-O
a5 9. Nf4 Nc5 10. Be3 Rb8 11. a3 e5 12. dxe6 Nxe6 13. Nxe6 Bxe6 14. Nd5 b5 15.
Ba7 bxc4 16. Bxb8 Qxb8 17. Nxf6+ Bxf6 18. Bd5 Bf7 19. Rb1 Qb3 20. Qd2 a4 21.
Rfc1 Qb5 22. Rd1 Rb8 23. Rbc1 Bxd5 24. Qxd5+ Qxd5 25. Rxd5 Bxb2 26. Rxc4 Bxa3
27. Rxa4 Bc5 28. Rd2 Kf7 29. h4 Ke6 30. Kg2 Bb4 31. Rc2 Rb7 32. h5 c5 33. Ra6
gxh5 34. Rc4 Rc7 35. Rb6 Bd2 36. e3 Rc8 37. Rb7 Kd5 38. Rc2 Ba5 39. Rxh7 c4 40.
Rxh5 Ke4 41. g4 c3 42. Rxf5 d5 43. Rf4+ Kd3 44. Ra2 Bb6 45. Rf5 d4 46. exd4 c2
47. Rxc2 Rxc2 48. d5 Ke4 49. d6 Rd2 50. Rf6 Bc5 51. d7 Rxd7 52. Rf5 Bd4 53. f3+
Ke3 54. Kg3 Bc3 55. g5 Rd1 56. Kg2 Rd6 57. Rc5 Bd4 58. Rf5 Re6 59. Kg3 Be5+ 60.
Kg4 Bc3 61. Rc5 Bd4 62. Rc1 Kd2 63. Rb1 Be3 64. Rb5 Kd3 65. Kf5 Re8 66. Kg4 Kc4
67. Rf5 Bd4 68. f4 Kd3 69. g6 Re1 70. Rf8 Rg1+ 71. Kf5 Ke3 72. Rd8 Bc3 73. Rb8
Bd4 74. Rb3+ Ke2 75. Ke4 Bg7 76. f5 Kf2 77. Kd5 Re1 78. Rb7 Bh8 79. g7 Bxg7 80.
Rxg7 Ra1 81. f6 Ra5+ 82. Ke6 Ra6+ 83. Kf5 Kf3 84. f7 Ra5+ 85. Kg6 Ra6+ 86. Kh7
Rf6 87. Kg8 1-0

[Event "Olimpiada Calviá 2004"]
[Site "Calviá ESP"]
[Date "2004.10.26"]
[Round "11.64"]
[White "Zoltek, Tadeusz"]
[Black "Montalvo, Alejandro"]
[Result "1/2-1/2"]
[WhiteElo "2313"]
[BlackElo "2240"]
[PlyCount "69"]
[EventDate "2004.10.15"]
[EventType "team"]
[EventRounds "14"]
[EventCountry "ESP"]
[Source "lmi"]
[SourceDate "2004.10.27"]

1. c4 g6 2. Nc3 Bg7 3. g3 e5 4. Bg2 Nc6 5. d3 d6 6. Rb1 a5 7. a3 Nf6 8. b4 axb4
9. axb4 O-O 10. b5 Ne7 11. Nf3 h6 12. O-O Be6 13. e4 Qd7 14. Bd2 Bh3 15. Ra1
Nh5 16. Rxa8 Rxa8 17. Qc1 Kh7 18. Qb2 Qg4 19. Ne1 Bxg2 20. Nxg2 f5 21. f3 Qh3
22. Nd1 fxe4 23. Nf2 Qe6 24. fxe4 Rf8 25. Bc3 Nf6 26. Qe2 h5 27. Bd2 Nd7 28.
Nh4 Qf6 29. Nd1 Qxf1+ 30. Qxf1 Rxf1+ 31. Kxf1 Bh6 32. Bb4 Kg7 33. Ke2 b6 34.
Ng2 Nf8 35. Ne1 1/2-1/2

[Event "Olimpiada Calviá 2004"]
[Site "Calviá ESP"]
[Date "2004.10.26"]
[Round "11.64"]
[White "Santa Torres, Luis A"]
[Black "Mora Manez, Julio"]
[Result "0-1"]
[WhiteElo "2196"]
[BlackElo "2064"]
[PlyCount "130"]
[EventDate "2004.10.15"]
[EventType "team"]
[EventRounds "14"]
[EventCountry "ESP"]
[Source "lmi"]
[SourceDate "2004.10.27"]

1. d4 Nf6 2. c4 g6 3. Nc3 Bg7 4. e4 d6 5. f4 c5 6. d5 O-O 7. Nf3 e6 8. Be2 exd5
9. cxd5 Bg4 10. O-O Nbd7 11. h3 Bxf3 12. Bxf3 Re8 13. g4 h6 14. h4 Nh7 15. g5
hxg5 16. hxg5 f6 17. gxf6 Qxf6 18. Be3 a6 19. Bg4 Nhf8 20. Qf3 b5 21. Qh3 Qe7
22. e5 dxe5 23. f5 gxf5 24. Bxf5 Nf6 25. Ne4 Nxe4 26. Bxe4 Ra7 27. Rf3 Rc7 28.
Raf1 Qd6 29. Qh5 Ree7 30. R1f2 Qd7 31. Bg5 Qe8 32. Qh3 Red7 33. Rh2 Rf7 34. d6
Rxf3 35. Bxf3 e4 36. dxc7 exf3 37. c8=Q Qe1+ 38. Qf1 Bd4+ 39. Rf2 Bxf2+ 40. Kh2
Qxf1 41. Qg4 Qg2+ 42. Qxg2 fxg2 43. Kxg2 Bd4 44. b3 Kf7 45. Kf3 Ke6 46. Ke4 Nd7
47. b4 Nf6+ 48. Kd3 Kf5 49. Bd2 Nd5 50. bxc5 Bxc5 51. Kc2 Ke4 52. Kb3 Kd3 53.
Be1 Bb6 54. a4 bxa4+ 55. Kxa4 Kc4 56. Bg3 Nc3+ 57. Ka3 Bc5+ 58. Kb2 a5 59. Be1
Bb4 60. Bh4 a4 61. Bf6 Nb5 62. Ka2 Kd3 63. Bg7 Kc2 64. Bf6 Nc3+ 65. Ka1 Ba3 0-1

[Event "Olimpiada Calviá 2004"]
[Site "Calviá ESP"]
[Date "2004.10.26"]
[Round "11.64"]
[White "Pohlers, Rolf"]
[Black "Bermudez Adams, William"]
[Result "0-1"]
[WhiteElo "2148"]
[BlackElo "2138"]
[PlyCount "60"]
[EventDate "2004.10.15"]
[EventType "team"]
[EventRounds "14"]
[EventCountry "ESP"]
[Source "lmi"]
[SourceDate "2004.10.27"]

1. d4 d5 2. c4 e6 3. Nc3 c5 4. cxd5 cxd4 5. Qa4+ Bd7 6. Qxd4 exd5 7. Nf3 Nc6 8.
Qd1 Be6 9. e3 Nf6 10. Be2 Be7 11. O-O O-O 12. Bd2 d4 13. exd4 Nxd4 14. Nxd4
Qxd4 15. Be3 Qb4 16. Qc2 Rfc8 17. Bf3 Nd5 18. Bxd5 Bxd5 19. Nxd5 Rxc2 20. Nxb4
Bxb4 21. a3 Bd2 22. b4 Bxe3 23. fxe3 f6 24. Rfd1 Rac8 25. Rd7 Re2 26. Rad1 Rcc2
27. Rxb7 Rxg2+ 28. Kf1 h5 29. Rdd7 h4 30. Rxa7 h3 0-1

[Event "Olimpiada Calviá 2004 Femenina"]
[Site "Calviá ESP"]
[Date "2004.10.26"]
[Round "11.21"]
[White "Sabirova, Olga"]
[Black "Siti, Zulaikha"]
[Result "1-0"]
[WhiteElo "2250"]
[BlackElo "2162"]
[PlyCount "73"]
[EventDate "2004.10.15"]
[EventType "team"]
[EventRounds "14"]
[EventCountry "ESP"]
[Source "lmi"]
[SourceDate "2004.10.27"]

1. e4 e5 2. Nc3 Nf6 3. Bc4 Nc6 4. d3 d6 5. f4 Na5 6. Bb3 Nxb3 7. axb3 c6 8. Nf3
Qc7 9. O-O Be7 10. Kh1 b5 11. Qe1 O-O 12. fxe5 dxe5 13. Qg3 Bd6 14. Bg5 Ne8 15.
Nh4 Be7 16. Be3 Be6 17. Nf5 f6 18. Ra6 Bxf5 19. exf5 Nd6 20. Qf3 Rfc8 21. Rfa1
Qd7 22. g4 Rc7 23. Nd5 Rb7 24. Nb6 axb6 25. Rxa8+ Nc8 26. Rd1 c5 27. c3 h6 28.
d4 exd4 29. cxd4 c4 30. Qe4 Kh7 31. Bf4 c3 32. Rc1 Na7 33. Rxc3 b4 34. g5 fxg5
35. f6+ g6 36. fxe7 Qxe7 37. Be5 1-0

[Event "Olimpiada Calviá 2004 Femenina"]
[Site "Calviá ESP"]
[Date "2004.10.26"]
[Round "11.21"]
[White "Khamrakulova, Ulduz"]
[Black "Wan, Khye Theng"]
[Result "1/2-1/2"]
[WhiteElo "2123"]
[BlackElo "1898"]
[PlyCount "139"]
[EventDate "2004.10.15"]
[EventType "team"]
[EventRounds "14"]
[EventCountry "ESP"]
[Source "lmi"]
[SourceDate "2004.10.27"]

1. d4 Nf6 2. Nf3 d5 3. c4 e6 4. Nc3 c6 5. e3 Bd6 6. Bd3 Nbd7 7. O-O O-O 8. Qc2
dxc4 9. Bxc4 Qe7 10. e4 e5 11. Be3 exd4 12. Bxd4 Ne5 13. Be2 Nxf3+ 14. Bxf3 Be5
15. Rad1 Bg4 16. Qe2 Bxf3 17. Qxf3 Rad8 18. Bxe5 Qxe5 19. h3 Rfe8 20. Qe3 b6
21. f4 Qe7 22. e5 Nd5 23. Nxd5 cxd5 24. Qd4 Qc5 25. Rf3 Rd7 26. Rc3 Qxd4+ 27.
Rxd4 Kf8 28. Kf2 Ke7 29. Rc6 Kd8 30. Rd3 Re6 31. Rc2 f6 32. exf6 Rxf6 33. Ke3
Re6+ 34. Kf3 g6 35. Rcd2 Red6 36. Ke3 Re6+ 37. Kf3 Red6 38. Rd4 Ke7 39. g4 Kf6
40. Re2 Re6 41. Red2 Red6 42. Rc2 Rd8 43. Rc7 R8d7 44. Rc2 Rd8 45. Rcd2 R8d7
46. R4d3 Rd8 47. g5+ Kf7 48. Rd4 R8d7 49. Kg4 Rd8 50. h4 R8d7 51. h5 Rd8 52. h6
R8d7 53. f5 Rd8 54. fxg6+ Kxg6 55. Rf2 Re8 56. Rdf4 Ree6 57. Kh4 Re4 58. Kg4
Rxf4+ 59. Kxf4 Re6 60. Rg2 Re4+ 61. Kf3 Re5 62. Rc2 Rxg5 63. Rc7 Rf5+ 64. Ke3
a6 65. Ra7 a5 66. Rb7 Rf6 67. Kd4 Kxh6 68. Kxd5 Kg6 69. Rb8 h5 70. Ke5 1/2-1/2

[Event "Olimpiada Calviá 2004"]
[Site "Calviá ESP"]
[Date "2004.10.27"]
[Round "12.2"]
[White "Bogut, Zeljko"]
[Black "Arizmendi Martinez, Julen L"]
[Result "1/2-1/2"]
[WhiteElo "2405"]
[BlackElo "2531"]
[PlyCount "103"]
[EventDate "2004.10.15"]
[EventType "team"]
[EventRounds "14"]
[EventCountry "ESP"]
[Source "lmi"]
[SourceDate "2004.10.27"]

1. d4 Nf6 2. c4 g6 3. Nc3 Bg7 4. e4 d6 5. Nf3 O-O 6. Be2 Na6 7. O-O e5 8. Be3
Ng4 9. Bg5 Qe8 10. h3 h6 11. Bh4 exd4 12. Nxd4 Nf6 13. Bf3 Nh7 14. Re1 c6 15.
Qd2 Ng5 16. Bg4 Bxg4 17. hxg4 Qe5 18. Rad1 Ne6 19. Nf5 gxf5 20. exf5 Qf4 21.
fxe6 fxe6 22. Qxd6 Qxg4 23. Qxe6+ Qxe6 24. Rxe6 Rae8 25. Rxe8 Rxe8 26. f3 Nc5
27. Bf2 b6 28. Rd6 Rc8 29. Bxc5 bxc5 30. Na4 Bd4+ 31. Kf1 a5 32. Rxh6 Kg7 33.
Rd6 Rh8 34. f4 Rh4 35. g3 Rh2 36. Rxc6 Rf2+ 37. Ke1 Rg2 38. b3 Rxa2 39. g4 Rg2
40. g5 Kf7 41. Nxc5 Ke7 42. Re6+ Kf7 43. g6+ Rxg6 44. Rxg6 Kxg6 45. Na6 Kf5 46.
Ke2 Kxf4 47. Kd3 Ke5 48. Nb8 Bf2 49. Nc6+ Kd6 50. Nxa5 Kc7 51. b4 Be1 52. b5
1/2-1/2

[Event "Olimpiada Calviá 2004"]
[Site "Calviá ESP"]
[Date "2004.10.27"]
[Round "12.4"]
[White "Vaganian, Rafael A"]
[Black "Goldin, Alexander"]
[Result "1/2-1/2"]
[WhiteElo "2640"]
[BlackElo "2620"]
[PlyCount "76"]
[EventDate "2004.10.15"]
[EventType "team"]
[EventRounds "14"]
[EventCountry "ESP"]
[Source "lmi"]
[SourceDate "2004.10.27"]

1. d4 Nf6 2. Nf3 d5 3. c4 e6 4. Nc3 Bb4 5. Bg5 h6 6. Bxf6 Qxf6 7. Qb3 c5 8.
cxd5 exd5 9. e3 O-O 10. dxc5 Bxc3+ 11. Qxc3 Qxc3+ 12. bxc3 Be6 13. Bb5 Rc8 14.
Kd2 Rxc5 15. Rhb1 Rc7 16. Nd4 Nc6 17. Bxc6 bxc6 18. Rb2 c5 19. Nxe6 fxe6 20.
Rab1 Kf7 21. Rb7 Rac8 22. c4 Ke7 23. cxd5 exd5 24. h4 Kd6 25. h5 Rf8 26. f4 Re8
27. R1b5 Rce7 28. Rxe7 Rxe7 29. Ra5 Kc6 30. a4 c4 31. g4 Rb7 32. Rb5 Rxb5 33.
axb5+ Kxb5 34. g5 Kc6 35. f5 Kd6 36. f6 Ke6 37. fxg7 Kf7 38. gxh6 a5 1/2-1/2

[Event "Olimpiada Calviá 2004"]
[Site "Calviá ESP"]
[Date "2004.10.27"]
[Round "12.6"]
[White "Georgiev, Kiril"]
[Black "Lautier, Joel"]
[Result "1/2-1/2"]
[WhiteElo "2625"]
[BlackElo "2682"]
[PlyCount "37"]
[EventDate "2004.10.15"]
[EventType "team"]
[EventRounds "14"]
[EventCountry "ESP"]
[Source "lmi"]
[SourceDate "2004.10.27"]

1. d4 Nf6 2. c4 e6 3. Nf3 b6 4. g3 Ba6 5. b3 Bb4+ 6. Bd2 Be7 7. Bg2 c6 8. Bc3
d5 9. Ne5 Nfd7 10. Nxd7 Nxd7 11. Nd2 O-O 12. O-O Nf6 13. Qc2 Rc8 14. Rfd1 c5
15. Qb2 dxc4 16. dxc5 Qe8 17. Qa3 Bb5 18. Nxc4 Bxc5 19. Qb2 1/2-1/2

[Event "Olimpiada Calviá 2004"]
[Site "Calviá ESP"]
[Date "2004.10.27"]
[Round "12.6"]
[White "Cheparinov, Ivan"]
[Black "Dorfman, Josif D"]
[Result "1/2-1/2"]
[WhiteElo "2576"]
[BlackElo "2596"]
[PlyCount "27"]
[EventDate "2004.10.15"]
[EventType "team"]
[EventRounds "14"]
[EventCountry "ESP"]
[Source "lmi"]
[SourceDate "2004.10.27"]

1. e4 e5 2. Nf3 Nc6 3. Bb5 Nf6 4. d3 Bc5 5. Bxc6 dxc6 6. Be3 Bd6 7. Nbd2 Ng4 8.
Bg5 f6 9. Bh4 Be6 10. h3 Nh6 11. Qe2 Nf7 12. d4 Qd7 13. c3 O-O-O 14. O-O
1/2-1/2

[Event "Olimpiada Calviá 2004"]
[Site "Calviá ESP"]
[Date "2004.10.27"]
[Round "12.6"]
[White "Nataf, Igor-Alexandre"]
[Black "Spasov, Vasil"]
[Result "1/2-1/2"]
[WhiteElo "2565"]
[BlackElo "2534"]
[PlyCount "60"]
[EventDate "2004.10.15"]
[EventType "team"]
[EventRounds "14"]
[EventCountry "ESP"]
[Source "lmi"]
[SourceDate "2004.10.27"]

1. e4 c5 2. Nf3 Nc6 3. d4 cxd4 4. Nxd4 Nf6 5. Nc3 e5 6. Ndb5 d6 7. Bg5 a6 8.
Na3 b5 9. Bxf6 gxf6 10. Nd5 f5 11. Bd3 Be6 12. O-O Bxd5 13. exd5 Ne7 14. c3 Bg7
15. Qh5 e4 16. Bc2 O-O 17. Rae1 Qc8 18. f3 b4 19. cxb4 Bxb2 20. fxe4 Bxa3 21.
Re3 Qxc2 22. Rg3+ Ng6 23. Rh3 Rfd8 24. Qxh7+ Kf8 25. Rh5 Ne5 26. Rhxf5 Ra7 27.
Rxe5 dxe5 28. Qh8+ Ke7 29. Qxe5+ Kf8 30. Qh8+ Ke7 1/2-1/2

[Event "Olimpiada Calviá 2004"]
[Site "Calviá ESP"]
[Date "2004.10.27"]
[Round "12.7"]
[White "Delgado, Neuris"]
[Black "Pavasovic, Dusko"]
[Result "1-0"]
[WhiteElo "2554"]
[BlackElo "2581"]
[PlyCount "63"]
[EventDate "2004.10.15"]
[EventType "team"]
[EventRounds "14"]
[EventCountry "ESP"]
[Source "lmi"]
[SourceDate "2004.10.27"]

1. e4 e5 2. Nf3 Nf6 3. Nxe5 d6 4. Nf3 Nxe4 5. Nc3 Nxc3 6. dxc3 Nc6 7. Be3 Be7
8. Qd2 Ne5 9. O-O-O Nxf3 10. gxf3 Be6 11. Rg1 Bf6 12. Bd4 Kf8 13. Be3 Qd7 14.
Kb1 Re8 15. Bd3 g6 16. Bh6+ Bg7 17. Qf4 Rg8 18. h4 Bxh6 19. Qxh6+ Rg7 20. Rde1
f5 21. h5 Qf7 22. b3 Qf6 23. hxg6 hxg6 24. Re3 Kg8 25. f4 Bf7 26. Rh3 Bd5 27.
Rhg3 Re6 28. Kb2 Kf7 29. Rg5 Be4 30. Be2 d5 31. Rxg6 Rxg6 32. Rxg6 1-0

[Event "Olimpiada Calviá 2004"]
[Site "Calviá ESP"]
[Date "2004.10.27"]
[Round "12.7"]
[White "Sermek, Drazen"]
[Black "Nogueiras, Jesus"]
[Result "0-1"]
[WhiteElo "2547"]
[BlackElo "2546"]
[PlyCount "65"]
[EventDate "2004.10.15"]
[EventType "team"]
[EventRounds "14"]
[EventCountry "ESP"]
[Source "lmi"]
[SourceDate "2004.10.27"]

1. e4 e6 2. d4 d5 3. Nd2 c5 4. exd5 Qxd5 5. Ngf3 cxd4 6. Bc4 Qd6 7. O-O Nf6 8.
Nb3 Nc6 9. Nbxd4 Nxd4 10. Nxd4 a6 11. Re1 Bd7 12. Be3 Qc7 13. Bb3 Bd6 14. h3
O-O 15. Bg5 Bh2+ 16. Kh1 Bf4 17. Bxf6 gxf6 18. Qh5 Kh8 19. Rad1 Be8 20. c3 Rg8
21. Bc2 f5 22. Qh4 Rg6 23. Ne2 Be5 24. f3 Bc6 25. Rg1 Rag8 26. Qf2 Bh2 27. Nd4
Bxg1 28. Rxg1 Bd7 29. f4 Qb6 30. Qe3 Bc6 31. Nxf5 Qxe3 32. Nxe3 Rg3 33. Bxh7
0-1

[Event "Olimpiada Calviá 2004"]
[Site "Calviá ESP"]
[Date "2004.10.27"]
[Round "12.7"]
[White "Arencibia, Walter"]
[Black "Borisek, Jure"]
[Result "1-0"]
[WhiteElo "2516"]
[BlackElo "2489"]
[PlyCount "191"]
[EventDate "2004.10.15"]
[EventType "team"]
[EventRounds "14"]
[EventCountry "ESP"]
[Source "lmi"]
[SourceDate "2004.10.27"]

1. d4 Nf6 2. Nf3 g6 3. g3 Bg7 4. Bg2 d5 5. O-O O-O 6. Bf4 Nbd7 7. Qc1 c5 8. Bh6
Bxh6 9. Qxh6 Qb6 10. b3 cxd4 11. c3 e5 12. cxd4 e4 13. Ng5 Qxd4 14. Na3 Qc5 15.
b4 Qxb4 16. Nc2 Qc5 17. Ne3 Re8 18. Rfd1 Nb6 19. a4 Be6 20. Rab1 Rab8 21. a5
Nbd7 22. Bh3 Bxh3 23. Rxd5 Qf8 24. Qxh3 h6 25. Rxd7 Nxd7 26. Qxd7 hxg5 27. Rxb7
Rxb7 28. Qxb7 Qe7 29. Qb2 Qe5 30. Qd2 Kh7 31. Kg2 f5 32. Qd7+ Re7 33. Qd8 Qe6
34. h3 Kg7 35. Qd4+ Kh7 36. Qd8 Qd7 37. Qb8 Qc7 38. Qf8 Re5 39. a6 Qd7 40. Qf6
Qe7 41. Qc6 Rc5 42. Qa4 Qc7 43. Qd4 Rc6 44. Qa1 Qd6 45. Qa2 Qe6 46. Qa5 Rd6 47.
Qc7+ Qd7 48. Qc4 Rd4 49. Qc5 Rd2 50. Qc4 Kh6 51. Qc3 Qd4 52. Qc6 Kh7 53. Qc7+
Qg7 54. Qc4 Rd6 55. Qb5 Kh6 56. Qc4 Qf6 57. Qc8 Rc6 58. Qb7 Rc1 59. Qb8 Qg7 60.
Qd6 Kh7 61. Nd5 Rb1 62. h4 gxh4 63. Nf6+ Kh6 64. Qf4+ g5 65. Qxf5 Qg6 66. Ng4+
Kg7 67. Qd7+ Kg8 68. Qd8+ Kg7 69. Qe7+ Kh8 70. Qf8+ Qg8 71. Qh6+ Qh7 72. Qf6+
Qg7 73. Qd8+ Kh7 74. Nf6+ Kh6 75. Ng4+ Kh7 76. Nf6+ Kg6 77. Nxe4 Qe5 78. Qd3
Rb4 79. Nxg5+ Kf6 80. Nf3 h3+ 81. Kh2 Qc5 82. Qd8+ Qe7 83. Qh8+ Ke6 84. Qxh3+
Kd6 85. Qh6+ Kc5 86. e3 Rb2 87. Kg2 Qe4 88. Qg5+ Kb4 89. Qg7 Qc2 90. Qd4+ Ka5
91. e4 Kxa6 92. Ne1 Qe2 93. Nd3 Rd2 94. Qd6+ Kb5 95. Qc5+ Ka6 96. Nb4+ 1-0

[Event "Olimpiada Calviá 2004"]
[Site "Calviá ESP"]
[Date "2004.10.27"]
[Round "12.10"]
[White "Berkes, Ferenc"]
[Black "Solak, Dragan"]
[Result "1/2-1/2"]
[WhiteElo "2630"]
[BlackElo "2563"]
[PlyCount "119"]
[EventDate "2004.10.15"]
[EventType "team"]
[EventRounds "14"]
[EventCountry "ESP"]
[Source "lmi"]
[SourceDate "2004.10.27"]

1. d4 d6 2. e4 Nf6 3. Bd3 g6 4. Nf3 Bg7 5. O-O O-O 6. h3 c5 7. dxc5 dxc5 8. e5
Nd5 9. Be4 Nc7 10. Bg5 Nd7 11. Nc3 Ne6 12. Bh4 Nxe5 13. Nxe5 Bxe5 14. Qxd8 Rxd8
15. Bxe7 Re8 16. Bh4 g5 17. Bg3 Nf4 18. Rfe1 f6 19. Bxf4 gxf4 20. Rad1 Rb8 21.
Nb5 Be6 22. b3 Kg7 23. Nd6 Bxd6 24. Rxd6 Bf5 25. f3 Re5 26. Kf2 Rbe8 27. a4
R8e7 28. a5 Bg6 29. Re2 c4 30. bxc4 Rxa5 31. Bxg6 Rxe2+ 32. Kxe2 Kxg6 33. Rd7
b6 34. Kd3 Ra3+ 35. Kd4 Ra1 36. Rc7 h6 37. h4 Rd1+ 38. Kc3 Ra1 39. c5 bxc5 40.
Rxc5 h5 41. Rd5 Rh1 42. Kb4 Rxh4 43. Rd1 Rh2 44. Rg1 Kf7 45. Kc5 h4 46. c4 Ke7
47. Kc6 a5 48. c5 a4 49. Kb7 h3 50. gxh3 a3 51. Ra1 a2 52. c6 Rb2+ 53. Kc7 Rc2
54. h4 Kf7 55. h5 Kg7 56. Kd7 Rd2+ 57. Ke6 Rc2 58. Kf5 Rxc6 59. Rxa2 Rc5+ 60.
Kg4 1/2-1/2

[Event "Olimpiada Calviá 2004"]
[Site "Calviá ESP"]
[Date "2004.10.27"]
[Round "12.10"]
[White "Ruck, Robert"]
[Black "Markus, Robert"]
[Result "1-0"]
[WhiteElo "2562"]
[BlackElo "2555"]
[PlyCount "79"]
[EventDate "2004.10.15"]
[EventType "team"]
[EventRounds "14"]
[EventCountry "ESP"]
[Source "lmi"]
[SourceDate "2004.10.27"]

1. Nf3 Nf6 2. c4 c5 3. Nc3 e6 4. g3 b6 5. Bg2 Bb7 6. O-O Be7 7. Re1 d6 8. e4 a6
9. d4 cxd4 10. Nxd4 Qc7 11. Be3 O-O 12. Rc1 Re8 13. f4 Nbd7 14. g4 h6 15. g5
hxg5 16. fxg5 Nh7 17. g6 Nhf8 18. gxf7+ Kxf7 19. Nd5 Qd8 20. Nxe7 Qxe7 21. Nf3
Nh7 22. Ng5+ Nxg5 23. Qh5+ g6 24. Qxg5 Rg8 25. Rf1+ Ke8 26. Qxe7+ Kxe7 27. Bg5+
Ke8 28. Rcd1 Rc8 29. Rxd6 Rc6 30. Rfd1 Rxd6 31. Rxd6 e5 32. b4 Rg7 33. Bh3 Rh7
34. Bg2 Rg7 35. h4 a5 36. a3 axb4 37. axb4 Ba8 38. Bh3 Rf7 39. Re6+ Kf8 40.
Bh6+ 1-0

[Event "Olimpiada Calviá 2004"]
[Site "Calviá ESP"]
[Date "2004.10.27"]
[Round "12.10"]
[White "Kosic, Dragan"]
[Black "Acs, Peter"]
[Result "1/2-1/2"]
[WhiteElo "2519"]
[BlackElo "2521"]
[PlyCount "46"]
[EventDate "2004.10.15"]
[EventType "team"]
[EventRounds "14"]
[EventCountry "ESP"]
[Source "lmi"]
[SourceDate "2004.10.27"]

1. Nf3 Nf6 2. g3 d5 3. Bg2 c6 4. O-O Bg4 5. d3 e6 6. Nbd2 Nbd7 7. h3 Bh5 8. e4
Be7 9. Qe2 O-O 10. Rd1 Qc7 11. b3 a5 12. a4 e5 13. Bb2 Rfe8 14. Nf1 Bf8 15. Re1
Bb4 16. Red1 d4 17. g4 Bg6 18. Nh4 Nf8 19. Ng3 Ne6 20. Nhf5 Nd7 21. h4 f6 22.
Bc1 Bf7 23. Qf3 Bf8 1/2-1/2

[Event "Olimpiada Calviá 2004"]
[Site "Calviá ESP"]
[Date "2004.10.27"]
[Round "12.11"]
[White "Svetushkin, Dmitry"]
[Black "Halkias, Stelios"]
[Result "0-1"]
[WhiteElo "2568"]
[BlackElo "2526"]
[PlyCount "70"]
[EventDate "2004.10.15"]
[EventType "team"]
[EventRounds "14"]
[EventCountry "ESP"]
[Source "lmi"]
[SourceDate "2004.10.27"]

1. e4 c5 2. Nf3 Nc6 3. Bb5 d6 4. O-O Bd7 5. Re1 Nf6 6. h3 g6 7. Bf1 Bg7 8. c3
O-O 9. d4 cxd4 10. cxd4 d5 11. e5 Ne4 12. Bd3 Nb4 13. Bxe4 dxe4 14. Rxe4 Bc6
15. Re3 Bxf3 16. gxf3 Nc6 17. Rd3 Nb4 18. Re3 Nc6 19. Rd3 Nb4 20. Re3 Qd7 21.
Nc3 Rad8 22. Re4 Nc6 23. d5 Nxe5 24. Qe2 Qf5 25. Bf4 Nd7 26. Bg3 Qxh3 27. Rxe7
Bd4 28. Bh2 Nf6 29. d6 Rc8 30. Ne4 Nxe4 31. fxe4 Rc5 32. e5 Rfc8 33. Rc7 R8xc7
34. dxc7 Rxc7 35. Rd1 Bxf2+ 0-1

[Event "Olimpiada Calviá 2004"]
[Site "Calviá ESP"]
[Date "2004.10.27"]
[Round "12.11"]
[White "Mastrovasilis, Dimitrios"]
[Black "Sanduleac, Vasile"]
[Result "1-0"]
[WhiteElo "2574"]
[BlackElo "2486"]
[PlyCount "111"]
[EventDate "2004.10.15"]
[EventType "team"]
[EventRounds "14"]
[EventCountry "ESP"]
[Source "lmi"]
[SourceDate "2004.10.27"]

1. e4 g6 2. d4 Bg7 3. Nc3 c6 4. f4 d5 5. e5 h5 6. Be3 Nh6 7. Nf3 a5 8. Bf2 a4
9. a3 Qb6 10. Rb1 Qa5 11. h3 Na6 12. Qd2 Nc7 13. Bd3 Bf5 14. Be2 Ne6 15. Nh4
Be4 16. Nxe4 dxe4 17. Qxa5 Rxa5 18. Be3 Nf5 19. Nxf5 gxf5 20. h4 Nc7 21. Kf2 e6
22. c4 Bf8 23. Rhc1 Kd7 24. Rc3 Be7 25. g3 b5 26. Rbc1 b4 27. axb4 Bxb4 28.
R3c2 Be7 29. Ra1 Na6 30. Rcc1 Nb4 31. Bd2 Rb8 32. Bc3 Raa8 33. Rd1 Ke8 34. Rd2
Kf8 35. Ke3 Rd8 36. Bxh5 c5 37. Bd1 cxd4+ 38. Bxd4 Nc6 39. Bb6 Rxd2 40. Kxd2
Bb4+ 41. Ke2 Rb8 42. Be3 Be7 43. Ra2 f6 44. Bxa4 Nb4 45. Ra1 fxe5 46. fxe5 Nd3
47. b3 Kf7 48. Bb5 Bc5 49. Bxc5 Nxc5 50. Ra7+ Kg6 51. b4 Nd3 52. Re7 Rb6 53.
Be8+ Kh6 54. b5 Rb8 55. Rxe6+ Kg7 56. Bc6 1-0

[Event "Olimpiada Calviá 2004"]
[Site "Calviá ESP"]
[Date "2004.10.27"]
[Round "12.13"]
[White "Agrest, Evgenij"]
[Black "Movsesian, Sergei"]
[Result "0-1"]
[WhiteElo "2604"]
[BlackElo "2629"]
[PlyCount "74"]
[EventDate "2004.10.15"]
[EventType "team"]
[EventRounds "14"]
[EventCountry "ESP"]
[Source "lmi"]
[SourceDate "2004.10.27"]

1. d4 d5 2. Nf3 Nf6 3. c4 c6 4. Qb3 e6 5. Bg5 Nbd7 6. Nc3 Be7 7. e3 O-O 8. Bd3
b6 9. O-O Bb7 10. Rfd1 dxc4 11. Bxc4 Nd5 12. Bf4 Nxf4 13. exf4 Qc7 14. Ne5 Rad8
15. Rac1 Kh8 16. Be2 c5 17. Nb5 Qb8 18. Bf3 a6 19. Bxb7 Qxb7 20. Na3 Nxe5 21.
dxe5 b5 22. Qe3 Rd5 23. Nb1 Rfd8 24. Nc3 Rxd1+ 25. Rxd1 Rxd1+ 26. Nxd1 Qd7 27.
Qe2 c4 28. g3 h6 29. Nc3 b4 30. Ne4 Qd4 31. Qc2 b3 32. axb3 cxb3 33. Qc8+ Kh7
34. Qb7 Qxb2 35. h4 Qc2 36. Kh2 b2 37. Qxe7 Qxe4 0-1

[Event "Olimpiada Calviá 2004"]
[Site "Calviá ESP"]
[Date "2004.10.27"]
[Round "12.13"]
[White "Ftacnik, Lubomir"]
[Black "Hillarp Persson, Tiger"]
[Result "0-1"]
[WhiteElo "2533"]
[BlackElo "2523"]
[PlyCount "190"]
[EventDate "2004.10.15"]
[EventType "team"]
[EventRounds "14"]
[EventCountry "ESP"]
[Source "lmi"]
[SourceDate "2004.10.27"]

1. Nf3 d5 2. d4 c6 3. c4 e6 4. e3 Bd6 5. Bd3 f5 6. O-O Nf6 7. b3 Ne4 8. Ba3
Bxa3 9. Nxa3 Nd7 10. b4 a6 11. Qb3 O-O 12. Nb1 Kh8 13. Nbd2 Qf6 14. Rad1 b5 15.
cxb5 axb5 16. Qc2 Nxd2 17. Nxd2 e5 18. Nb3 f4 19. exf4 e4 20. Be2 Qxf4 21. Qxc6
Rxa2 22. Nc1 Ra6 23. Qxd5 Rg6 24. Qb3 Nf6 25. Qe3 Nd5 26. Qxf4 Nxf4 27. g3 Nh3+
28. Kg2 Ng5 29. Na2 Bh3+ 30. Kg1 Bxf1 31. Rxf1 Nh3+ 32. Kh1 Rgf6 33. Nc3 Rxf2
34. Rxf2 Rxf2 35. d5 Kg8 36. d6 Kf8 37. Bxb5 Ng5 38. Kg1 Rd2 39. h4 Nf3+ 40.
Kf1 Nh2+ 41. Ke1 Nf3+ 42. Kf1 e3 43. Be2 Ne5 44. Nd1 Rxd6 45. Nxe3 Rd4 46. b5
Rb4 47. Kf2 Rb2 48. Nf5 Kf7 49. Ke3 Kf6 50. Nd4 Nd7 51. Ke4 Nb6 52. Bd3 Rb4 53.
Be2 Na4 54. Ke3 Nc5 55. Bf1 Ra4 56. Be2 Ke5 57. Nc6+ Kd6 58. Nd4 g6 59. Bf3
Ra3+ 60. Kf4 Rd3 61. Ne2 Ne6+ 62. Ke4 Rb3 63. Bg4 Rxb5 64. Bxe6 Re5+ 65. Kf4
Rxe2 66. Bg4 Re5 67. Kf3 Ra5 68. Kg2 Ke5 69. Bf3 Ra2+ 70. Kf1 Ra3 71. Kf2 Ra2+
72. Kf1 Kd4 73. Bb7 Ke3 74. Kg1 Rb2 75. Bc6 Rb6 76. Ba8 Rb5 77. Kg2 Rb2+ 78.
Kg1 h5 79. Bc6 Rb6 80. Ba8 Rb4 81. Kg2 Rb2+ 82. Kg1 Kd4 83. Bc6 Ke5 84. Kf1 Rd2
85. Bf3 Kf5 86. Kg1 g5 87. hxg5 Kxg5 88. Kf1 Rb2 89. Ke1 Rh2 90. Kf1 h4 91.
gxh4+ Kf4 92. Bb7 Ke3 93. Bc8 Rf2+ 94. Ke1 Rc2 95. Bg4 Rc1+ 0-1

[Event "Olimpiada Calviá 2004"]
[Site "Calviá ESP"]
[Date "2004.10.27"]
[Round "12.13"]
[White "Hellsten, Johan"]
[Black "Manik, Mikulas"]
[Result "1/2-1/2"]
[WhiteElo "2564"]
[BlackElo "2510"]
[PlyCount "66"]
[EventDate "2004.10.15"]
[EventType "team"]
[EventRounds "14"]
[EventCountry "ESP"]
[Source "lmi"]
[SourceDate "2004.10.27"]

1. d4 d5 2. c4 c6 3. Nc3 Nf6 4. e3 a6 5. Qc2 e6 6. Nf3 c5 7. a3 dxc4 8. Bxc4 b5
9. Ba2 cxd4 10. exd4 Bb7 11. Qd3 Be7 12. O-O O-O 13. Bg5 Nbd7 14. Rad1 Nd5 15.
Bxd5 Bxd5 16. Bxe7 Qxe7 17. Nxd5 exd5 18. Rc1 Rac8 19. Qf5 Nb6 20. Ne5 f6 21.
Nc6 Qd6 22. Nb4 g6 23. Qf3 a5 24. Nd3 Rc4 25. Qe3 Rxc1 26. Rxc1 Nc4 27. Qe2 a4
28. Re1 Qd7 29. h4 Nd6 30. Qf3 Nf5 31. Nc5 Qf7 32. g3 h5 33. Kg2 Rc8 1/2-1/2